BoyNextDoor Songs (July 2025 Ver.) - Statistics

General Stats
  • This quiz has been taken 205 times
  • The average score is 28 of 38
Answer Stats
Hint Answer % Correct
How? Earth, Wind & Fire
94%
WHO? One And Only
93%
Why? One And Only
93%
WHO? Serenade
93%
Why? Serenade
93%
Why? But Sometimes
90%
No Genre I Feel Good
89%
19.99 Nice Guy
89%
WHO? But I Like You
87%
Why? But I Like You
87%
19.99 Dangerous
87%
How? So Let's Go See The Stars
85%
No Genre 123-78
84%
Why? ABCDLove
83%
Why? Crying
82%
How? Life Is Cool
82%
How? Amnesia
81%
How? Our
80%
19.99 20
79%
How? Dear, My Darling
77%
No Genre If I Say, I Love You
76%
No Genre Step By Step
75%
No Genre Next Mistake
74%
19.99 Gonna Be A Rock
73%
19.99 Call Me
71%
And, Good Day
71%
19.99 Skit
64%
OST Fadeaway
63%
No Genre Is That True?
63%
19.99 Nice Guy (English Ver.)
58%
No Genre I Feel Good (English Ver.)
56%
OST Lucky Charm
55%
How? Earth, Wind & Fire (English Ver.)
53%
And, One And Only (Japanese Ver.)
53%
And, But Sometimes (Japanese Ver.)
50%
And, Earth, WInd & Fire (Japanese Ver.)
49%
OST Never Loved This Way Before
49%
Promotional It's Beginning To Look A Lot Like Christmas
29%
No matching quizzes found
Score Distribution
Percent of People with Each Score
Percentile by Number Answered
Your Score History
You have not taken this quiz